013640000a22002530004500003000900000005001700009008004100026040002800067041000800095100002500103245018800128246018200316260004400498300003100542502010500573520023700678530002200915653001700937653002500954653001700979700003900996700004201035856003301077EG-GICUC20250223024958.0070728s2007 ua a f m 000 0 eng d aEG-GICUCbengcEG-GICUC0 aEng0 aKhalid Mabrook Gaber10aEvaluation of pterygoid orbital plane as a horizontal reference in natural head lateral cephalograms / cKhalid Mabrook Gaber ; Supervised Sanaa Abouzeid Soliman ; Dalia Nabil Elbokle15aتقيييم المستوى الجناحى - الحجاجى كمرجع افقى للصور الشعاعية الجانبية لقياس الراس فى الوضع الطبيعى aCairo : bKhalid Mabrook Gaber , c2007 a113Leaves : bill ; c30cm aThesis (M.Sc.) - Cairo University - Faculty Of Oral and Dental Medicine - Department Of Orthodontics aThis study was carried out to evaluate pterygoid - orbital plane relative to true vertical in a sample of 69 Egyptian adults.27 males and 32 females with age ranged from 18 - 25 years , they had accepted occlusion and facial profile aIssued Also as CD 4aCephalograms 4aHorizontal Reference 4aOrbitalPlane0 aDalia Nabil Elbokle , eSupervisor0 aSanaa Abouzeid Soliman , eSupervisor uhttp://172.23.153.220/th.pdf